| 000 | 00884nam a22002415i 4500 | ||
|---|---|---|---|
| 001 | 175140 | ||
| 003 | ES-MaACL | ||
| 005 | 20250815103931.0 | ||
| 008 | 101007s1959 sp |||| | spa d | ||
| 080 | _a54 | ||
| 100 | 0 |
_aMartín Guzmán, Gonzalo. _977521 |
|
| 245 | 1 | 3 |
_aEl mecanismo de las reacciones de polimerización / _cG. Martín Guzmán. |
| 260 |
_aMadrid : _bConsejo Superior de Investigaciones Científicas, _c1959. |
||
| 300 |
_a129 p. ; _c25 cm. |
||
| 490 | 1 |
_aMonografías de ciencia moderna ; _v60 |
|
| 490 | 1 |
_aDepartamento de Plásticos ; _v2 |
|
| 650 | 1 | 4 |
_aPolimerización. _9143506 |
| 710 | 2 |
_aConsejo Superior de Investigaciones Científicas (España) _93236 |
|
| 830 | 0 |
_aMonografías de ciencia moderna _v60 _9189470 |
|
| 830 | 0 |
_aDepartamento de Plásticos ; _v2 _9223853 |
|
| 852 |
_aES-MaACL _jE-13324 _xOlim P-555 bis |
||
| 999 |
_c175140 _d175140 |
||